Shared understandings : structuring the writing experience through dialogue (Record no. 76876)

MARC details
000 -CABECERA
campo de control de longitud fija 00662nam a2200229 a 4500
005 - FECHA Y HORA DE LA ÚLTIMA TRANSACCIÓN
campo de control 20210219153434.0
008 - ELEMENTOS DE LONGITUD FIJA--INFORMACIÓN GENERAL
campo de control de longitud fija 991125n 000 0 eng u
035 ## - NÚMERO DE CONTROL DEL SISTEMA
Número de control de sistema UPN01000099779
100 ## - ASIENTO PRINCIPAL--NOMBRE PERSONAL
Nombre de persona Englert, Carol Sue
222 ## - TÍTULO CLAVE
Título clave JOURNAL OF LEARNING DISABILITIES
245 ## - MENCIÓN DE TÍTULO
Título Shared understandings : structuring the writing experience through dialogue
300 ## - DESCRIPCIÓN FÍSICA
Extensión 330-342
362 ## - FECHAS DE PUBLICACIÓN Y/O DESIGNACIÓN SECUENCIAL
Fecha de publicación y/o designación secuencial 1991 24, no. 6
653 0# - TERMINO DE INDIZACION - NO CONTROLADO
Término no controlado DOCUMENTOS
653 0# - TERMINO DE INDIZACION - NO CONTROLADO
Término no controlado EJERCICIOS DE ESCRITURA
653 0# - TERMINO DE INDIZACION - NO CONTROLADO
Término no controlado ESTRATEGIAS DE ESCRITURA
653 0# - TERMINO DE INDIZACION - NO CONTROLADO
Término no controlado PREESCRITURA
653 0# - TERMINO DE INDIZACION - NO CONTROLADO
Término no controlado PROBLEMAS DE APRENDIZAJE
700 ## - ASIENTO SECUNDARIO--NOMBRE DE PERSONAL
Nombre de persona Troy, V. Mariage
904 ## - ELEMENTOS DE DATOS D LOCAL, LDD (RLIN)
a AC
b 037590
905 ## - TIPO DE MATERIAL
Tipo de material Articulo

No items available.